Statystyki dla Podobne Flagi #2

Kliknij tutaj aby rozwiązać quiz!

Ogólne statystyki

  • Ten quiz został rozwiązany 442 razy
    (441 od ostatniego zresetowania)
  • Średni wynik to 19 z 21

Statystyki odpowiedzi

Odpowiedź% Poprawnych
Chiny
100%
Niemcy
100%
Belgia
99%
Japonia
98%
Irlandia
97%
Norwegia
97%
Egipt
95%
Islandia
95%
Bułgaria
94%
Węgry
94%
Austria
93%
Gruzja
92%
Łotwa
92%
Irak
88%
Wietnam
87%
Wybrzeże Kości Słoniowej
84%
Bangladesz
83%
Syria
79%
Jemen
69%
Palau
61%
Tonga
58%

Rozkład punktacji

Percentyl według liczby udzielonych odpowiedzi

Procent ludzi z każdym wynikiem

Twoja historia wyników

Nie rozwiązałeś tego quizu od ostatniego zresetowania